[Event "Reykjavik Open 2024"]
[Site "Reykjavik ISL"]
[Date "2024.03.19"]
[Round "7.24"]
[White "Birkisson, Bjorn Holm"]
[Black "Chasin, Nico"]
[Result "0-1"]
[BlackTitle "IM"]
[WhiteElo "2140"]
[BlackElo "2447"]
[WhiteFideId "2310600"]
[BlackFideId "30908477"]
[EventDate "2024.03.15"]

1. c4 e5 2. Nc3 Nf6 3. Nf3 Nc6 4. e3 Bb4 5. Qc2 Bxc3 6. Qxc3 Qe7 7. a3 a5 8. b4
d6 9. b5 Nb8 10. d4 Nbd7 11. dxe5 dxe5 12. a4 Ne4 13. Qa3 Nec5 14. Bb2 f6 15.
Qc3 e4 16. Nd4 Nb6 17. Qc2 Bg4 18. Ba3 O-O 19. h3 Bh5 20. Ne6 Qxe6 21. Bxc5 Rfd8
22. Rc1 Rac8 23. Be2 Bxe2 24. Kxe2 Nd7 25. Bd4 c6 26. Qb1 c5 27. Ba1 Nb6 28. Qa2
Rd3 29. Rhd1 Rcd8 30. Rxd3 exd3+ 31. Kd2 Qe4 32. f3 Qh4 33. Kc3 d2 34. Rd1 Qe1 0-1

[Event "Reykjavik Open 2024"]
[Site "Reykjavik ISL"]
[Date "2024.03.19"]
[Round "7.25"]
[White "Stanford, Sheila Barth"]
[Black "Injac, Teodora"]
[Result "0-1"]
[WhiteTitle "WIM"]
[BlackTitle "IM"]
[WhiteElo "2123"]
[BlackElo "2434"]
[WhiteFideId "1500953"]
[BlackFideId "932400"]
[EventDate "2024.03.15"]

1. d4 Nf6 2. Bg5 d5 3. Bxf6 exf6 4. e3 c6 5. g3 h5 6. h4 Bd6 7. Bg2 Bg4 8. Qd3
O-O 9. Ne2 Re8 10. Nd2 a5 11. c4 dxc4 12. Nxc4 Bb4+ 13. Nc3 Nd7 14. O-O a4 15.
a3 Bf8 16. f3 Be6 17. Rad1 Bxc4 18. Qxc4 Rxe3 19. Nxa4 Bd6 20. Kh2 f5 21. f4 Nf6
22. Nc5 Ng4+ 23. Kh3 Qe7 24. Bf3 Re8 25. Rd2 Rxf3 26. Rxf3 Qe1 0-1

[Event "Reykjavik Open 2024"]
[Site "Reykjavik ISL"]
[Date "2024.03.19"]
[Round "7.26"]
[White "Li, Harry"]
[Black "Haldorsen, Benjamin"]
[Result "1-0"]
[BlackTitle "IM"]
[WhiteElo "2107"]
[BlackElo "2426"]
[WhiteFideId "430145"]
[BlackFideId "1512633"]
[EventDate "2024.03.15"]

1. e4 c6 2. d4 d5 3. e5 Bf5 4. Nf3 e6 5. Be2 Nd7 6. O-O a5 7. a4 f6 8. c4 fxe5
9. Nxe5 Nxe5 10. dxe5 Bc5 11. cxd5 exd5 12. Bd3 Bxd3 13. Qxd3 Ne7 14. Nd2 O-O
15. Nf3 Ng6 16. Be3 Qb6 17. Bxc5 Qxc5 18. Ng5 Rfe8 19. Rae1 Nf8 20. Qf5 h6 21.
Qf7+ Kh8 22. Qh5 Re7 23. Nf7+ Kg8 24. Nd6 Rd8 25. Kh1 d4 26. Nf5 Re6 27. f4 Qb4
28. Nxg7 Rg6 29. Nf5 Kh7 30. Nh4 Rg7 31. f5 d3 32. f6 Rg5 33. Qf7+ Kh8 34. e6 d2
35. Rd1 Qxh4 36. e7 Rxg2 37. exf8=Q+ Rxf8 38. Qxf8+ Rg8 39. Qa3 1-0

[Event "Reykjavik Open 2024"]
[Site "Reykjavik ISL"]
[Date "2024.03.19"]
[Round "7.27"]
[White "Sivanandan, Bodhana"]
[Black "Fantinel, Thibault"]
[Result "0-1"]
[WhiteTitle "WCM"]
[BlackTitle "IM"]
[WhiteElo "2088"]
[BlackElo "2421"]
[WhiteFideId "497592"]
[BlackFideId "663395"]
[EventDate "2024.03.15"]

1. e4 c5 2. Nc3 Nc6 3. f4 g6 4. Nf3 Bg7 5. a4 b6 6. Bc4 e6 7. O-O Nge7 8. d3 d5
9. Ba2 O-O 10. e5 Bb7 11. Ne2 d4 12. Ng3 Nb4 13. Bc4 a6 14. Bd2 Nbd5 15. Ng5 Qd7
16. N5e4 Qc6 17. Qe2 b5 18. Bxd5 Nxd5 19. axb5 axb5 20. Nd6 Rxa1 21. Rxa1 Ra8
22. Rxa8+ Bxa8 23. Nde4 Bf8 24. b3 Be7 25. Qf1 Qa6 26. Qb1 Kg7 27. h3 b4 28. Qd1
Bb7 29. Kh2 Qa2 30. Ng5 h6 31. N5e4 Nc3 32. Bxc3 bxc3 33. Ne2 Bd5 34. Kg1 Qb2
35. Kf2 Kf8 36. Qc1 Ke8 37. Qd1 Kd7 38. Nf6+ Bxf6 39. exf6 Kc6 40. g4 Kb5 41. h4
Kb4 42. h5 gxh5 43. g5 hxg5 44. fxg5 e5 45. Kg3 Qa2 46. Kh4 Qa6 47. Ng3 Qe6 48.
Nxh5 Bc6 49. Ng7 Qd6 50. Nf5 Qd8 51. Qa1 Qd7 52. Ne7 Bg2 53. Kg3 Bh3 54. Qa4+
Qxa4 55. bxa4 Be6 56. Nc6+ Kxa4 57. Nxe5 Ka3 58. Nf3 Kb2 59. Ne1 Kc1 60. Kf2 Kd2
61. Kf1 Bf5 62. Kf2 Be6 63. Kf1 Kd1 64. Kf2 c4 65. Kf1 cxd3 66. cxd3 c2 67. Nxc2
Kxc2 68. Ke2 Bf5 69. Kf3 Kxd3 70. Kf4 Bg6 71. Ke5 Ke3 72. Kd6 d3 73. Ke7 d2 74.
Kf8 d1=Q 75. Kg7 Qd8 76. Kh6 Qh8# 0-1

[Event "Reykjavik Open 2024"]
[Site "Reykjavik ISL"]
[Date "2024.03.19"]
[Round "7.28"]
[White "Ptacnikova, Lenka"]
[Black "Katz, Alexander"]
[Result "0-1"]
[WhiteTitle "WGM"]
[BlackTitle "IM"]
[WhiteElo "2067"]
[BlackElo "2418"]
[WhiteFideId "305650"]
[BlackFideId "2039796"]
[EventDate "2024.03.15"]

1. d4 Nf6 2. Nc3 d5 3. Bf4 g6 4. e3 Nh5 5. Bg5 c6 6. Be2 h6 7. Bh4 Ng7 8. f3 Qb6
9. Na4 Qa5+ 10. c3 e5 11. b4 Qc7 12. Nc5 b6 13. Nd3 e4 14. fxe4 dxe4 15. Nf2 f5
16. Bg3 Bd6 17. Bxd6 Qxd6 18. Bc4 Na6 19. Bb3 Nc7 20. Ne2 a5 21. bxa5 Rxa5 22.
O-O Be6 23. Nf4 Bxb3 24. Qxb3 g5 25. Ne2 Nd5 26. a4 Nxe3 27. Rfb1 Qd5 28. Qxb6
O-O 29. Qc7 Ne6 30. Qe7 Rf7 31. Qe8+ Nf8 32. Rb6 Nc4 33. Rxc6 Nd6 34. Qd8 Rxa4
35. Rxa4 Qxc6 36. Ra8 Nb7 37. Qc8 Qb5 38. Ng3 e3 39. Qe6 Qb1+ 40. Nf1 exf2+ 41.
Kxf2 f4 42. Qxh6 Qf5 43. Qc6 g4 44. Qc8 Qg6 45. h3 g3+ 46. Kg1 Nd6 47. Qc6 Qc2
48. Qf3 Qe4 49. Qxe4 Nxe4 50. c4 Rd7 51. d5 Rc7 52. c5 Rxc5 53. Ra4 Nc3 54. Ra1
Rxd5 55. Kh1 Ne6 56. Nh2 gxh2 57. Kxh2 Rd2 0-1

[Event "Reykjavik Open 2024"]
[Site "Reykjavik ISL"]
[Date "2024.03.19"]
[Round "7.29"]
[White "Halldorsson, Bragi"]
[Black "Garifullina, Leya"]
[Result "0-1"]
[BlackTitle "IM"]
[WhiteElo "2056"]
[BlackElo "2413"]
[WhiteFideId "2300907"]
[BlackFideId "34127035"]
[EventDate "2024.03.15"]

1. d4 Nf6 2. c4 e6 3. Nf3 d5 4. Nc3 Bb4 5. cxd5 exd5 6. Bg5 h6 7. Bh4 O-O 8. e3
Bf5 9. Bd3 Bxd3 10. Qxd3 c6 11. O-O Nbd7 12. Ne5 Qe8 13. Nxd7 Nxd7 14. f3 f5 15.
a3 Bd6 16. e4 Qh5 17. Bg3 Bxg3 18. hxg3 fxe4 19. fxe4 Nf6 20. Rf5 dxe4 21. Qc4+
Qf7 22. Qc5 Qg6 23. Ne2 Nd5 24. Rxf8+ Rxf8 25. Rf1 Rxf1+ 26. Kxf1 e3 27. Kg1 Qd3
28. Nf4 Nxf4 29. gxf4 Qb1+ 0-1

[Event "Reykjavik Open 2024"]
[Site "Reykjavik ISL"]
[Date "2024.03.19"]
[Round "7.30"]
[White "Jin, Yueheng"]
[Black "Harish, Neeraj"]
[Result "1/2-1/2"]
[BlackTitle "CM"]
[WhiteElo "2404"]
[BlackElo "2090"]
[WhiteFideId "8616868"]
[BlackFideId "30958130"]
[EventDate "2024.03.15"]

1. d4 Nf6 2. c4 g6 3. g3 Bg7 4. Bg2 d5 5. cxd5 Nxd5 6. e4 Nb6 7. Ne2 c5 8. d5
O-O 9. O-O e6 10. Nec3 Na6 11. Bf4 exd5 12. exd5 h5 13. h4 Bg4 14. Qc1 Nb4 15.
Bg5 Qd7 16. Nd2 N6xd5 17. Nxd5 Nxd5 18. Qxc5 Nc7 19. Ne4 Ne6 20. Qb4 Nxg5 21.
hxg5 Qf5 22. Qxb7 Rab8 23. Qxa7 Rxb2 24. a4 h4 25. gxh4 Bh3 26. Ng3 Qg4 27. Ra3
Bxg2 28. Kxg2 Qxh4 29. Qe3 Rb4 30. a5 Ra4 31. a6 Ra8 32. Rb1 Bf8 33. Rxa4 Qxa4
34. Ne4 Bg7 35. Qf3 Qxa6 36. Rb7 Rf8 37. Nf6+ Bxf6 38. gxf6 Qa5 39. Rb3 Qg5+ 40.
Kh2 Qe5+ 41. Kg2 Qg5+ 42. Kh2 Rd8 43. Qc6 Qh4+ 44. Kg2 Qg5+ 45. Kh2 1/2-1/2

[Event "Reykjavik Open 2024"]
[Site "Reykjavik ISL"]
[Date "2024.03.19"]
[Round "7.31"]
[White "Tania, Sachdev"]
[Black "Fossheim, Yngve"]
[Result "1/2-1/2"]
[WhiteTitle "IM"]
[WhiteElo "2393"]
[BlackElo "2090"]
[WhiteFideId "5007844"]
[BlackFideId "1512277"]
[EventDate "2024.03.15"]

1. d4 Nf6 2. c4 g6 3. Nc3 Bg7 4. e4 d6 5. Bd3 e5 6. d5 a5 7. Nge2 O-O 8. O-O Na6
9. h3 Nh5 10. g4 Nf4 11. Nxf4 exf4 12. Bxf4 f5 13. exf5 gxf5 14. g5 Nc5 15. h4
Ne4 16. Rc1 Nxc3 17. bxc3 Bd7 18. Qf3 Qe8 19. c5 dxc5 20. Bxc7 Qg6 21. Bf4 b5
22. Rfe1 Rfe8 23. h5 Qf7 24. Bd6 c4 25. Bf1 h6 26. g6 Qf6 27. Qf4 Rac8 28. Bc7
Re4 29. Rxe4 fxe4 30. Qxf6 Bxf6 31. d6 Re8 32. Bxa5 e3 33. Rc2 Re5 34. fxe3 Rxh5
35. a4 bxa4 36. Bxc4+ Kg7 37. Bb4 Kxg6 38. Rg2+ Kf5 39. Bd3+ Ke5 40. c4 Bg5 41.
Kf2 Rh3 42. Bc5 Bc6 43. Rg4 a3 44. d7 Bxd7 45. Re4+ Kf6 46. Kg2 a2 47. Bd4+ Kf7
48. c5 Rxe3 49. Bc4+ Kg6 50. Rxe3 Bxe3 51. Bc3 Bxc5 52. Bxa2 Bf5 53. Bd5 Bd6 54.
Kh1 Bf4 55. Ba8 Kg5 1/2-1/2

[Event "Reykjavik Open 2024"]
[Site "Reykjavik ISL"]
[Date "2024.03.19"]
[Round "7.32"]
[White "Krassel, Timofei"]
[Black "Lu, Maximillian"]
[Result "0-1"]
[BlackTitle "IM"]
[WhiteElo "2035"]
[BlackElo "2375"]
[WhiteFideId "55733948"]
[BlackFideId "2096242"]
[EventDate "2024.03.15"]

1. e4 c5 2. Nf3 d6 3. Bb5+ Nd7 4. d4 cxd4 5. Qxd4 Nf6 6. Nc3 g6 7. Bg5 Bg7 8.
Qd2 h6 9. Bxf6 Bxf6 10. e5 dxe5 11. O-O-O a6 12. Bxd7+ Bxd7 13. Qe3 Qa5 14. Rd5
b5 15. Nxe5 Be6 16. Rc5 O-O 17. f4 Rac8 18. a3 Rxc5 19. Qxc5 Rc8 20. Qd4 Rd8 21.
Qc5 Rc8 22. Qd4 Qc7 23. Rd1 a5 24. Rd2 b4 25. axb4 axb4 26. Qxb4 Qa7 27. b3 Qe3
28. Nd1 Qa7 29. Nc3 Bxe5 30. fxe5 Qe3 31. Nd1 Qxe5 32. Kb1 Bf5 33. g4 Be4 34.
Re2 f5 35. gxf5 gxf5 36. h4 Qc7 37. Ne3 Rb8 38. Qa4 Qc3 39. Kc1 Rc8 40. Qa6 Rc6
41. Qa7 Rc7 42. Qa6 Rc6 43. Qa7 Rg6 44. Nd1 Qe5 45. h5 Rg3 46. Qb6 Kf7 47. c3
Qf6 48. Qc5 Qa6 49. Rxe4 fxe4 50. Qf5+ Qf6 51. Qxe4 Qg5+ 52. Kb1 Rg1 53. Qh7+
Kf6 54. Qh8+ Ke6 55. Qc8+ Kf7 56. Qc4+ Kf8 57. Kc2 Qg2+ 58. Kc1 Qg5+ 59. Kc2
Rg2+ 60. Kb1 Qf5+ 61. Ka1 Qa5+ 0-1

[Event "Reykjavik Open 2024"]
[Site "Reykjavik ISL"]
[Date "2024.03.19"]
[Round "7.33"]
[White "Jacobsen, Mikkel Manosri"]
[Black "Beisteiner, Joachim"]
[Result "1-0"]
[WhiteTitle "FM"]
[WhiteElo "2367"]
[BlackElo "2079"]
[WhiteFideId "1444514"]
[BlackFideId "1682296"]
[EventDate "2024.03.15"]

1. c4 e6 2. g3 d5 3. Bg2 Nf6 4. Nf3 Be7 5. b3 d4 6. O-O O-O 7. e3 c5 8. Ne5 Nfd7
9. exd4 cxd4 10. Nxd7 Qxd7 11. d3 Nc6 12. Ba3 a5 13. Re1 Rd8 14. Bxe7 Qxe7 15.
a3 Bd7 16. Nd2 Be8 17. Qg4 Rab8 18. h4 h6 19. Qh5 b6 20. Rec1 Rbc8 21. Qe2 Nb8
22. b4 Na6 23. c5 bxc5 24. bxa5 Bc6 25. Bxc6 Rxc6 26. Rab1 Qa7 27. Nc4 Rcc8 28.
Rb6 Rc7 29. Rcb1 Qa8 30. Qe5 Ra7 31. Rd6 Rxd6 32. Qxd6 Qd5 33. Qf4 Qf5 34. Qxf5
exf5 35. Rb6 h5 36. Rc6 g6 37. Kg2 Kf8 38. Kf3 Ke7 39. Kf4 Nc7 40. Ke5 Ne6 41.
Kd5 Ra8 42. Rb6 Ra7 43. Ne5 Ra8 44. Rb7+ Ke8 45. Nxf7 Nd8 46. Nd6+ Kf8 47. Rd7
Kg8 48. a6 1-0

[Event "Reykjavik Open 2024"]
[Site "Reykjavik ISL"]
[Date "2024.03.19"]
[Round "7.34"]
[White "Ruiz Buendia, Miguel"]
[Black "Manucharyan, Andriy"]
[Result "1-0"]
[WhiteTitle "FM"]
[WhiteElo "2366"]
[BlackElo "2080"]
[WhiteFideId "24537675"]
[BlackFideId "16260910"]
[EventDate "2024.03.15"]

1. e4 e6 2. d4 d5 3. Nc3 Bb4 4. e5 Ne7 5. a3 Bxc3+ 6. bxc3 c5 7. Qg4 cxd4 8. Bd3
Qa5 9. Ne2 O-O 10. Bg5 Ng6 11. f4 Nd7 12. O-O dxc3 13. Rf3 f5 14. Qh5 Rf7 15. g4
Nc5 16. gxf5 exf5 17. Kh1 Be6 18. Nd4 Qb6 19. Rg1 Ne4 20. Nxe6 Qxe6 21. Bxe4
dxe4 22. Rh3 Nf8 23. Bf6 Rc7 24. Rhg3 g6 25. Qh6 Rac8 26. h4 Kf7 27. Bg7 e3 28.
Rxe3 Qd5+ 29. Rg2 Qd1+ 30. Kh2 Ne6 31. Qxh7 Nxg7 32. e6+ Ke8 33. Qg8+ 1-0

[Event "Reykjavik Open 2024"]
[Site "Reykjavik ISL"]
[Date "2024.03.19"]
[Round "7.35"]
[White "Thorfinnsson, Bjorn"]
[Black "Schroer, Marcel"]
[Result "1-0"]
[WhiteTitle "IM"]
[WhiteElo "2353"]
[BlackElo "2073"]
[WhiteFideId "2300982"]
[BlackFideId "1012908"]
[EventDate "2024.03.15"]

1. d4 d5 2. Nf3 Nf6 3. Bg5 Ne4 4. Bf4 c5 5. e3 cxd4 6. exd4 Qb6 7. Nc3 Qa5 8.
Bd3 Nxc3 9. bxc3 Qxc3+ 10. Bd2 Qc7 11. O-O e6 12. c4 Nc6 13. cxd5 exd5 14. Rc1
Be7 15. Ne5 O-O 16. Re1 Bd6 17. Qc2 h6 18. Nxc6 bxc6 19. Qxc6 Bxh2+ 20. Kh1 Qxc6
21. Rxc6 Bb7 22. Rec1 Bb8 23. Ba6 Bxa6 24. Rxa6 Rd8 25. Rcc6 Kh7 26. g3 f6 27.
Ba5 Re8 28. Re6 Rf8 29. Re7 Kg6 30. Rc6 h5 31. Kg2 h4 32. Bb4 hxg3 33. fxg3 Rd8
34. Bc5 Kh6 35. a4 Kg6 36. a5 a6 37. Rce6 Kh6 38. Kf3 Kg6 39. Kg4 Rf8 40. Re8
Kf7 1-0

[Event "Reykjavik Open 2024"]
[Site "Reykjavik ISL"]
[Date "2024.03.19"]
[Round "7.36"]
[White "Risting, Eivind Olav"]
[Black "Gudmundsson, Gunnar Erik"]
[Result "1-0"]
[WhiteTitle "FM"]
[WhiteElo "2336"]
[BlackElo "2009"]
[WhiteFideId "1517333"]
[BlackFideId "2314339"]
[EventDate "2024.03.15"]

1. Nf3 Nf6 2. c4 e6 3. Nc3 d5 4. d4 Bb4 5. cxd5 exd5 6. Bf4 O-O 7. e3 c6 8. Bd3
Re8 9. h3 a5 10. Qc2 h6 11. O-O Bd6 12. Bxd6 Qxd6 13. a3 Nbd7 14. Rab1 Qe7 15.
Nd2 b5 16. Rfe1 Nb6 17. e4 dxe4 18. Ncxe4 Bd7 19. Nf3 Nxe4 20. Bxe4 Qd6 21. Ne5
Rac8 22. Rbc1 g6 23. Qb3 Re6 24. Red1 Be8 25. Bf3 a4 26. Qc3 Nd5 27. Qd2 Kg7 28.
Ng4 h5 29. Bxd5 Qxd5 30. Qh6+ Kg8 31. Ne3 Qd8 32. Qf4 Qd6 33. Qf3 Rf6 34. Qe4
Rd8 35. g3 Bd7 36. h4 Be6 37. Rxc6 Qd7 38. d5 Bf5 39. Qe5 Rd6 40. Qf4 Rxc6 41.
dxc6 Qxd1+ 42. Nxd1 Rxd1+ 43. Kh2 Rd5 44. Qb4 Be6 45. c7 Rf5 46. Qd4 Rf3 47. Kg2
Rb3 48. Qd8+ Kh7 49. c8=Q Bxc8 50. Qxc8 Kg7 51. Qc2 Kg8 52. Qd2 Kg7 53. Qd4+ Kg8
54. f3 Kh7 55. g4 Kg8 56. gxh5 gxh5 57. Kg3 Kh7 58. Qf6 Kg8 59. Qg5+ Kf8 60.
Qxh5 1-0

[Event "Reykjavik Open 2024"]
[Site "Reykjavik ISL"]
[Date "2024.03.19"]
[Round "7.37"]
[White "Cieslak, Patryk"]
[Black "Shivika, Rohilla"]
[Result "1-0"]
[WhiteTitle "FM"]
[BlackTitle "WFM"]
[WhiteElo "2325"]
[BlackElo "2003"]
[WhiteFideId "21078882"]
[BlackFideId "45015414"]
[EventDate "2024.03.15"]

1. d4 Nf6 2. c4 e6 3. g3 d5 4. Nf3 Be7 5. Bg2 O-O 6. O-O dxc4 7. Qc2 b5 8. a4
Bb7 9. axb5 a6 10. Nc3 axb5 11. Rxa8 Bxa8 12. Nxb5 c5 13. dxc5 Qa5 14. Nfd4 Bxg2
15. Kxg2 Qa8+ 16. Nf3 Rc8 17. Nd6 Bxd6 18. cxd6 Qc6 19. Rd1 Nd5 20. Bd2 Qxd6 21.
e4 Nb4 22. Bxb4 Qxb4 23. Rd4 Qb5 24. Qc3 Nd7 25. b3 Nb6 26. bxc4 Qc5 27. Ne5 h6
28. Nd3 Qc7 29. c5 Nd7 30. c6 Nb6 31. Nb4 f5 32. exf5 Nd5 33. Nxd5 exd5 34. Rxd5
Qxc6 35. Qxc6 Rxc6 36. h3 Rc3 37. Rd7 h5 38. f6 g6 39. Rg7+ Kf8 40. Rxg6 Kf7 41.
Rg5 h4 42. g4 Kxf6 43. Rh5 Kg6 44. Rxh4 Kg5 45. Rh5+ Kg6 46. Re5 Kf6 47. Re3 Rc4
48. Kg3 Kg6 49. h4 Ra4 50. f3 Rb4 51. Re6+ Kf7 52. Re4 Rb5 53. g5 Ra5 54. Kg4
Ra7 55. f4 Kg7 56. h5 Rb7 57. h6+ Kg6 58. f5+ Kh7 59. Kh5 Kg8 60. g6 Rb8 61. Kg5
Ra8 62. h7+ Kh8 63. Kh6 1-0

[Event "Reykjavik Open 2024"]
[Site "Reykjavik ISL"]
[Date "2024.03.19"]
[Round "7.40"]
[White "Saine, Zachary"]
[Black "Lohia, Sohum"]
[Result "0-1"]
[BlackTitle "FM"]
[WhiteElo "2010"]
[BlackElo "2354"]
[WhiteFideId "2624346"]
[BlackFideId "5819369"]
[EventDate "2024.03.15"]

1. e4 e5 2. Nf3 Nc6 3. Bc4 Nf6 4. d3 h6 5. h3 d6 6. c3 g5 7. a4 Bg7 8. a5 a6 9.
Qb3 Qe7 10. Nbd2 Rb8 11. Nf1 Be6 12. Ne3 Qd7 13. g4 Ne7 14. Ra4 d5 15. Nxe5 Qd6
16. exd5 Nfxd5 17. Nf3 Nf4 18. Qd1 Bd7 19. Ra3 Bc6 20. d4 Qf6 21. d5 Rd8 22. Nd4
Nfxd5 23. Nxc6 Qxc6 24. Qf3 O-O 25. O-O Nxe3 26. Qxc6 Nxc6 27. Bxe3 Rfe8 28. b4
Ne7 29. h4 Bf6 30. f4 Nd5 31. Bxd5 Rxd5 32. fxg5 Rxe3 33. Rxf6 hxg5 34. Kg2 gxh4
35. Rf3 Rd2+ 36. Rf2 h3+ 37. Kg1 Re1+ 0-1

[Event "Reykjavik Open 2024"]
[Site "Reykjavik ISL"]
[Date "2024.03.19"]
[Round "7.41"]
[White "Soderstrom, Adrian"]
[Black "Sachi Jain"]
[Result "1-0"]
[WhiteTitle "FM"]
[BlackTitle "WCM"]
[WhiteElo "2288"]
[BlackElo "1992"]
[WhiteFideId "1745786"]
[BlackFideId "25974050"]
[EventDate "2024.03.15"]

1. d4 d5 2. Nf3 e6 3. g3 Nf6 4. Bg2 Be7 5. c4 dxc4 6. O-O O-O 7. Qc2 a6 8. Qxc4
b5 9. Qc2 Bb7 10. Bg5 Nbd7 11. Nbd2 c5 12. Bxf6 Bxf6 13. dxc5 Rc8 14. Nb3 Bd5
15. Nfd2 Bxg2 16. Kxg2 Be7 17. Ne4 Nxc5 18. Nexc5 Bxc5 19. Qe4 Qe7 20. Rac1 Bb6
21. Rxc8 Rxc8 22. Rc1 Qd7 23. Rxc8+ Qxc8 24. h4 h6 25. e3 Bd8 26. Nd2 Bf6 27. b3
Qd8 28. Nf3 Qa5 29. Qc2 Qc3 30. Qxc3 Bxc3 31. Kf1 Kf8 32. Ke2 Ke7 33. Kd3 Bf6
34. Nd2 Kd7 35. h5 e5 36. Ke4 Ke6 37. Nf3 Bd8 38. g4 Bf6 39. Ne1 a5 40. Nd3 Kd6
41. f3 g6 42. hxg6 fxg6 43. f4 exf4 44. Nxf4 Kc5 45. Kd3 g5 46. Ne2 Kb4 47. Nd4
Ka3 48. Nxb5+ Kxa2 49. Nd4 Ka3 50. Kc4 h5 51. gxh5 g4 52. Nf5 Be5 53. h6 Bh8 54.
h7 Kb2 55. e4 Ka3 56. Kd5 Kxb3 57. e5 g3 58. Nd4+ Kb4 59. Ne2 a4 60. e6 a3 61.
e7 a2 62. e8=Q a1=Q 63. Qb8+ Ka5 64. Qa8+ Kb6 65. Qxa1 Bxa1 66. Nxg3 Kc7 67. Nf5
Bh8 68. Ke6 Kd8 69. Kf7 Kd7 70. Nh4 Kd8 71. Ng6 Bc3 72. Nf4 Bh8 73. Ne6+ Kd7 74.
Nc5+ Kd8 75. Kf8 Kc8 76. Kg8 Bf6 77. Ne6 1-0

[Event "Reykjavik Open 2024"]
[Site "Reykjavik ISL"]
[Date "2024.03.19"]
[Round "7.43"]
[White "Erskine-Pereira, Jack"]
[Black "Manish Anto, Cristiano F"]
[Result "0-1"]
[BlackTitle "IM"]
[WhiteElo "1903"]
[BlackElo "2286"]
[WhiteFideId "486388"]
[BlackFideId "25095927"]
[EventDate "2024.03.15"]

1. d4 Nf6 2. Bf4 g6 3. e3 Bg7 4. Nf3 O-O 5. Be2 d6 6. h3 Nbd7 7. O-O b6 8. c4 c5
9. Nc3 cxd4 10. exd4 Bb7 11. Rc1 Rc8 12. b3 a6 13. Qd2 Re8 14. Rfd1 d5 15. cxd5
b5 16. d6 exd6 17. Be3 Nb6 18. Bg5 Qd7 19. Re1 b4 20. Na4 Rxc1 21. Rxc1 Nxa4 22.
bxa4 Ne4 23. Qd3 Nxg5 24. Nxg5 Qe7 25. Qe3 Qd8 26. Qf4 Qf6 27. Qd2 Rxe2 28. Qxe2
Qxg5 0-1

[Event "Reykjavik Open 2024"]
[Site "Reykjavik ISL"]
[Date "2024.03.19"]
[Round "7.46"]
[White "Pourkashiyan, Atousa"]
[Black "Sanitt, Ethan"]
[Result "1-0"]
[WhiteTitle "WGM"]
[WhiteElo "2270"]
[BlackElo "1914"]
[WhiteFideId "12502014"]
[BlackFideId "427462"]
[EventDate "2024.03.15"]

1. e4 e6 2. d4 d5 3. e5 c5 4. c3 Nc6 5. Nf3 Qb6 6. a3 c4 7. Be2 Bd7 8. Nbd2 Na5
9. Rb1 f6 10. O-O Ne7 11. b4 cxb3 12. c4 Ba4 13. Bb2 O-O-O 14. Re1 Kb8 15. c5
Qc7 16. Bf1 Qc8 17. exf6 gxf6 18. Qe2 Bd7 19. Ng5 Be8 20. Nxe6 Rd7 21. Qf3 Bg6
22. Qxf6 Bh6 23. Rbd1 Nec6 24. Nf3 Rg8 25. Qh4 Bf8 26. Nxf8 Qxf8 27. Ne5 Rdg7
28. Nxc6+ Nxc6 29. Re3 Ne7 30. Rde1 Be4 31. Rxe4 dxe4 32. Qxe4 Rf7 33. d5 Rxf2
34. Be5+ Ka8 35. Bd6 Rg7 36. Bg3 Rd2 37. c6 Rxd5 38. cxb7+ Kxb7 39. Bc4 Qf5 40.
Bxd5+ Qxd5 41. Qb4+ Ka6 42. Re5 Qd1+ 43. Be1 Rxg2+ 44. Kxg2 Qc2+ 45. Kg1 Qg6+
46. Bg3 Qb1+ 47. Re1 1-0

[Event "Reykjavik Open 2024"]
[Site "Reykjavik ISL"]
[Date "2024.03.19"]
[Round "7.47"]
[White "Large, Peter G"]
[Black "Jansen, Marijn"]
[Result "1-0"]
[WhiteTitle "IM"]
[WhiteElo "2262"]
[BlackElo "1899"]
[WhiteFideId "400866"]
[BlackFideId "1089587"]
[EventDate "2024.03.15"]

1. e4 c6 2. d4 d5 3. exd5 cxd5 4. c4 Nf6 5. Nc3 Nc6 6. Bg5 e6 7. Nf3 Be7 8. c5
Ne4 9. Bxe7 Qxe7 10. Qc2 Nxc3 11. Qxc3 e5 12. dxe5 O-O 13. Be2 Bg4 14. O-O a5
15. Rac1 Rfd8 16. h3 Bh5 17. Rfe1 Nb4 18. Qb3 d4 19. a3 Nc6 20. e6 d3 21. Bxd3
Bxf3 22. exf7+ Qxf7 23. Bxh7+ Kf8 24. Qxf3 1-0

[Event "Reykjavik Open 2024"]
[Site "Reykjavik ISL"]
[Date "2024.03.19"]
[Round "7.48"]
[White "Bjarnason, Snorri Vikanes"]
[Black "Hill, Alistair"]
[Result "1-0"]
[WhiteElo "1875"]
[BlackElo "2187"]
[WhiteFideId "1539833"]
[BlackFideId "432407"]
[EventDate "2024.03.15"]

1. c4 e5 2. g3 Nf6 3. Bg2 d5 4. cxd5 Nxd5 5. Nc3 Nb6 6. Nf3 Nc6 7. O-O Be7 8. d3
O-O 9. Be3 Bg4 10. Nd2 Qd7 11. Nc4 Nxc4 12. dxc4 Nd4 13. Bxd4 exd4 14. Nd5 c5
15. Qd2 Rad8 16. e3 dxe3 17. Qxe3 Rfe8 18. Rfe1 Bd6 19. Qg5 Kf8 20. Ne3 Be6 21.
Rad1 h6 22. Qh4 b6 23. Qe4 Kg8 24. Qc6 Qxc6 25. Bxc6 Rf8 26. Bd5 Bc8 27. b3 g6
28. Bf3 Kg7 29. Nd5 Bf5 30. Re2 Rd7 31. Ne3 Be6 32. Red2 Rfd8 33. Bc6 Rc7 34.
Rxd6 Rxd6 35. Rxd6 Kf6 36. Nd5+ Ke5 37. Rxe6+ 1-0

[Event "Reykjavik Open 2024"]
[Site "Reykjavik ISL"]
[Date "2024.03.19"]
[Round "7.49"]
[White "Krzyzanowski, Marcin"]
[Black "Alic, Miran"]
[Result "1-0"]
[WhiteTitle "GM"]
[WhiteElo "2524"]
[BlackElo "2033"]
[WhiteFideId "1132199"]
[BlackFideId "24605425"]
[EventDate "2024.03.15"]

1. d4 d5 2. Nf3 e6 3. Bf4 Nf6 4. e3 c5 5. c3 Nc6 6. Nbd2 cxd4 7. exd4 Nh5 8. Bg5
f6 9. Be3 Bd6 10. g3 O-O 11. Bg2 Qe8 12. c4 f5 13. cxd5 f4 14. dxc6 fxe3 15.
fxe3 bxc6 16. Ne4 Bb4+ 17. Nc3 Qg6 18. O-O Ba6 19. Rf2 Bd6 20. Qa4 Bd3 21. Qxc6
Rad8 22. Ne2 Be4 23. Qa6 Bd3 24. Qa5 Bxe2 25. Rxe2 Bxg3 26. Qg5 Bd6 27. Qxg6
hxg6 28. Ng5 Rde8 29. Bh3 e5 30. d5 Bc5 31. Be6+ Kh8 32. Kg2 1-0

[Event "Reykjavik Open 2024"]
[Site "Reykjavik ISL"]
[Date "2024.03.19"]
[Round "7.50"]
[White "Gortemaker, Lucas"]
[Black "Stefansson, Vignir Vatnar"]
[Result "0-1"]
[BlackTitle "GM"]
[WhiteElo "2032"]
[BlackElo "2464"]
[WhiteFideId "1013394"]
[BlackFideId "2308649"]
[EventDate "2024.03.15"]

1. e4 c5 2. Nf3 Nc6 3. Bb5 Nf6 4. e5 Nd5 5. Nc3 Nc7 6. Bxc6 dxc6 7. h3 g6 8. d3
Ne6 9. Ne4 Bg7 10. O-O b6 11. Re1 O-O 12. a4 a5 13. b3 Nd4 14. Bb2 Qd5 15. Ned2
Bf5 16. Nc4 Nxf3+ 17. Qxf3 Qxf3 18. gxf3 Rab8 19. Kg2 Rfd8 20. f4 h5 21. Ne3 Be6
22. f5 gxf5 23. f4 Bh6 24. Rf1 Kh7 25. Kg3 Rg8+ 26. Kh4 Rg6 27. Rad1 Rbg8 28. d4
Rg3 29. Rd3 cxd4 30. Bxd4 c5 31. Bc3 R3g6 32. Bd2 Rg1 33. c4 Rxf1 34. Nxf1 Rg1
35. Ng3 Rd1 36. Ne2 Rf1 37. Kg3 Bc8 38. Nc3 Bb7 39. Nd5 e6 40. Nxb6 Be4 41. Rc3
Rg1+ 42. Kf2 Rg2+ 43. Ke1 Rxd2 44. Kxd2 Bxf4+ 45. Ke2 Bxe5 46. Rc1 Bd4 47. Nd7
Bg2 48. Rd1 f4 49. Rxd4 cxd4 50. Ne5 f6 51. Nd3 e5 52. b4 f3+ 53. Ke1 e4 54. Nf2
e3 55. b5 exf2+ 56. Kxf2 d3 0-1